| 000 | 00471nam a2200157 a 4500 | ||
|---|---|---|---|
| 001 | 000032495 | ||
| 005 | 20200930065653.0 | ||
| 008 | 110718s1969 dr 000 0 spa d | ||
| 040 |
_aDO-SdBNP _bspa _cBNPHU |
||
| 082 |
_axxxx _bR696o |
||
| 100 | 1 |
_aRodríguez Fiol, Manuel M. _926789 |
|
| 245 | 1 | 0 |
_aOlimpo : _blibro de poesias / _cManuel M. Rodríguez Fiol. |
| 260 |
_a[San Juan, República Dominicana] : _b[s. n.], _c[1969]. |
||
| 300 |
_a52 p. ; _c20 cm. |
||
| 049 | _aBNPD | ||
| 999 |
_c31986 _d31986 |
||